BBC's 100 Funniest Movies (Comedies) - Statistics

General Stats
  • This quiz has been taken 470 times
  • The average score is 22 of 101
Answer Stats
# Year Director Film % Correct
46 1994 Quentin Tarantino Pulp Fiction
60%
15 1975 Gilliam / Jones Monty Python and the Holy Grail
59%
3 1977 Woody Allen Annie Hall
58%
20 1974 Mel Brooks Blazing Saddles
58%
95 1984 Ivan Reitman Ghostbusters
56%
2 1964 Stanley Kubrick Dr Strangelove or: How I Learned to Stop Worrying and Love the Bomb
54%
1 1959 Billy Wilder Some Like It Hot
49%
93 1999 Trey Parker South Park: Bigger, Longer, & Uncut
49%
88 2001 Ben Stiller Zoolander
49%
6 1979 Terry Jones Life of Brian
48%
7 1980 Abrahams / Zucker / Zucker Airplane!
47%
16 1940 Charlie Chaplin The Great Dictator
44%
9 1984 Rob Reiner This Is Spinal Tap
44%
40 1967 Mel Brooks The Producers
40%
22 1974 Mel Brooks Young Frankenstein
39%
12 1936 Charlie Chaplin Modern Times
37%
21 1931 Charlie Chaplin City Lights
36%
60 2004 Edgar Wright Shaun of the Dead
36%
66 2007 Edgar Wright Hot Fuzz
35%
100 1982 Martin Scorsese The King of Comedy
35%
11 1998 Coen / Coen The Big Lebowski
34%
98 2009 Todd Phillips The Hangover
34%
29 1989 Rob Reiner When Harry Met Sally...
33%
4 1993 Harold Ramis Groundhog Day
32%
72 1988 David Zucker The Naked Gun: From the Files of Police Squad!
32%
81 1998 Farrelly / Farrelly There's Something About Mary
32%
73 1963 Jerry Lewis The Nutty Professor
31%
71 2001 Wes Anderson The Royal Tenenbaums
31%
36 1988 Crichton/Cleese A Fish Called Wanda
30%
61 2004 Trey Parker Team America: World Police
30%
27 1960 Billy Wilder The Apartment
30%
55 2000 Christopher Guest Best in Show
29%
33 2004 Adam McKay Anchorman: The Legend of Ron Burgundy
28%
47 1978 John Landis Animal House
28%
10 1926 Bruckman / Keaton The General
28%
78 1987 Rob Reiner The Princess Bride
28%
44 2011 Paul Feig Bridesmaids
27%
32 1987 Coen / Coen Raising Arizona
27%
94 1998 Wes Anderson Rushmore
26%
53 1980 John Landis The Blues Brothers
25%
80 1999 Mike Judge Office Space
24%
31 1982 Sydney Pollack Tootsie
23%
25 1925 Charlie Chaplin The Gold Rush
22%
43 1970 Robert Altman M*A*S*H
21%
65 1980 Harold Ramis Caddyshack
20%
5 1933 Leo McCarey Duck Soup
20%
35 1952 Donen/Kelly Singin' in the Rain
20%
28 1934 Frank Capra It Happened One Night
19%
64 2008 Adam McKay Step Brothers
19%
17 1938 Howard Hawks Bringing Up Baby
18%
62 2014 Clement/Waititi What We Do in the Shadows
18%
34 1995 Amy Heckerling Clueless
16%
99 1979 Carl Reiner The Jerk
16%
70 2009 Armando Iannucci In the Loop
15%
82 1984 Abrahams / Zucker / Zucker Top Secret!
15%
54 1971 Hal Ashby Harold and Maude
14%
14 1940 Howard Hawks His Girl Friday
14%
18 1924 Buster Keaton Sherlock Jr
14%
38 1940 George Cukor The Philadelphia Story
14%
84 1996 Christopher Guest Waiting for Guffman
14%
91 1972 Peter Bogdanovich What's Up, Doc?
14%
56 1987 James L Brooks Broadcast News
13%
8 1967 Jacques Tati Playtime
13%
74 1983 John Landis Trading Places
13%
13 1942 Ernst Lubitsch To Be or Not To Be
12%
39 1935 Wood / Goulding A Night at the Opera
11%
63 1944 Frank Capra Arsenic and Old Lace
11%
41 2006 Larry Charles Borat: Cultural Learnings of America for Make Benefit Glorous Nation of Kazakhstan
11%
69 1975 Woody Allen Love and Death
11%
37 1941 Preston Sturges Sullivan's Travels
11%
85 1973 Federico Fellini Amarcord
10%
26 1958 Jacques Tati Mon Oncle
9%
50 1988 Pedro Almodóvar Women on the Verge of a Nervous Breakdown
9%
87 1953 Howard Hawks Gentlemen Prefer Blondes
8%
57 2004 Mark Waters Mean Girls
8%
68 1939 Ernst Lubitsch Ninotchka
8%
83 1923 Newmeyer/Taylor Safety Last!
8%
49 1972 Luis Buñuel The Discreet Charm of the Bourgeoisie
8%
24 1987 Bruce Robinson Withnail and I
8%
58 1983 Woody Allen Zelig
8%
42 1937 Leo McCarey The Awful Truth
7%
92 1962 Luis Buñuel The Exterminating Angel
7%
19 1941 Preston Sturges The Lady Eve
7%
23 1968 Blake Edwards The Party
7%
52 1936 Gregory La Cava My Man Godfrey
6%
48 1932 Ernst Lubitsch Trouble in Paradise
6%
90 1971 Elaine May A New Leaf
5%
89 1966 Vera Chytilová Daisies
5%
30 1953 Jacques Tati Monsieur Hulot's Holiday
5%
100 1961 Jerry Lewis The Ladies Man
5%
96 1950 George Cukor Born Yesterday
4%
77 1961 Pietro Germi Divorce Italian Style
4%
86 1949 Robert Hamer Kind Hearts and Coronets
4%
51 1925 Buster Keaton Seven Chances
4%
75 1942 Preston Sturges The Palm Beach Story
4%
45 1958 Mario Monicelli Big Deal on Madonna Street
3%
76 1933 Ernst Lubitsch Design for Living
3%
59 2016 Maren Ade Toni Erdmann
3%
67 1933 William A Seiter Sons of the Desert
2%
79 1998 Francis Veber The Dinner Game
2%
97 1932 James Parrott The Music Box
2%
No matching quizzes found
Score Distribution
Percent of People with Each Score
Percentile by Number Answered
Your Score History
You have not taken this quiz